| 000 | 00837nam a2200289Ia 4500 | ||
|---|---|---|---|
| 001 | 84709 | ||
| 003 | IT-RoPAU | ||
| 008 | 130308s9999 xx 000 0 und d | ||
| 040 | _aIT-RoPAU | ||
| 040 | _cIT-RoPAU | ||
| 041 | _aITALIANO | ||
| 100 | _aIsnenghi Mario | ||
| 100 | _gCodice Aut. SPICS: 5300 | ||
| 245 | _a"Messa in scena dell'intervento nelle giornate del ""Maggio radioso"" (La)" | ||
| 245 | _bGabriele D'Annunzio: grandezza e Delirio nell'Industria Dello Spettacolo | ||
| 250 | _a1a ed. | ||
| 260 | _aGENOVA | ||
| 260 | _bCosta & Nolan | ||
| 260 | _c1989 [1° Ed.:1989 - Ed.Ling.Originale:1989] | ||
| 300 | _a"9 p. (prefazione: no ; testo: 9 [pagine: 246-254])" | ||
| 650 | _aAUTORI/OPERE DI TEATRO | ||
| 650 | _eCodice materia Spics: 8407 | ||
| 942 | _cBK | ||
| 957 | _71 | ||
| 999 |
_c61738 _d61738 |
||
| 999 | _bSI | ||
| 999 | _g1 | ||